Enough for you - Olivia Rodrigo (all lyrics) - Statistics

General Stats
  • This quiz has been taken 497 times
  • The average score is 305 of 355
Answer Stats
Answer % Correct
I
100%
When
99%
You
99%
You,
99%
Me
97%
Me,
97%
Be
96%
Cause
96%
We
96%
Who
96%
For
95%
So
95%
That
94%
The
94%
Your
94%
and
93%
And
93%
Enough
93%
Like
93%
More
93%
No
93%
To
93%
Ever
92%
Not
92%
Was
92%
All
90%
Loved
90%
Think
90%
Thought
90%
Want
90%
You'd
90%
Don't
89%
Say
89%
Dated
88%
Wanted
88%
Wore
88%
But
87%
Just
87%
Makeup
87%
Before
86%
I'm
86%
Everything
85%
Too
85%
You're
85%
Crying
84%
Crying,
84%
Someone
84%
Were
84%
Never
83%
Did
82%
Exciting,
82%
Exciting
82%
Prom
82%
Queens
82%
If
81%
Know
81%
Left
81%
Other
81%
That's
81%
There
81%
True
81%
Type
81%
Gone
80%
Next
80%
Second,
80%
What
80%
Found
79%
Heart
79%
Much
79%
Wrong
79%
Compliment
78%
How
78%
Looked
78%
Always
77%
Is
77%
Knew
77%
Liked
77%
My
77%
Satisfied,
77%
Smart
77%
Yeah,
77%
Read
76%
Wondering
76%
Books
75%
Little
75%
Nothing?
75%
Self
75%
This
75%
Could
74%
Stupid,
74%
By
73%
Emotional,
73%
Of
73%
Exactly
72%
Help
72%
I'll
72%
From
71%
Hard
71%
Obsessive
71%
Tried
71%
Leave
70%
Favorite
69%
One
69%
Songs
69%
Start
69%
As
68%
Coffee
68%
Girls
68%
Took
68%
Else
67%
Someday,
67%
Sorry,
67%
Sorry
67%
Than
67%
You'll
67%
Boy
66%
Broke
66%
Somebody
66%
Yourself
65%
Back
64%
Deserve
64%
Myself
64%
Who's
64%
It's
63%
Sympathy
62%
Tell
62%
Feel
61%
Had
61%
Used
61%
Have
60%
Maybe
60%
Couldn't
59%
I'd
58%
Less
58%
About
57%
Interesting
57%
God,
56%
Cared
55%
Now,
54%
They'll
53%
Discarded?
51%
Nothing's
46%
Anything
41%
No matching quizzes found
Score Distribution
Percent of People with Each Score
Percentile by Number Answered
Your Score History
You have not taken this quiz